Jana Gītā / (Record no. 75114)
[ view plain ]
| 000 -LEADER | |
|---|---|
| fixed length control field | 00728cam a22002534a 4500 |
| 001 - CONTROL NUMBER | |
| control field | sa 67005319 |
| 003 - CONTROL NUMBER IDENTIFIER | |
| control field | DLC |
| 005 - DATE AND TIME OF LATEST TRANSACTION | |
| control field | 20260227112356.0 |
| 008 - FIXED-LENGTH DATA ELEMENTS--GENERAL INFORMATION | |
| fixed length control field | 881102s1966 ii 000 0 awao |
| 010 ## - LIBRARY OF CONGRESS CONTROL NUMBER | |
| LC control number | sa 67005319 |
| 035 ## - SYSTEM CONTROL NUMBER | |
| System control number | (OCoLC)23551644 |
| 040 ## - CATALOGING SOURCE | |
| Original cataloging agency | DLC |
| Transcribing agency | DLC |
| 041 1# - LANGUAGE CODE | |
| Language code of text/sound track or separate title | awa |
| Language code of original | san |
| 050 00 - LIBRARY OF CONGRESS CALL NUMBER | |
| Classification number | BL1138.62 |
| Item number | .A83 1966 |
| 130 0# - MAIN ENTRY--UNIFORM TITLE | |
| Uniform title | Bhagavadgītā. |
| Language of a work | Awadhi. |
| 245 10 - TITLE STATEMENT | |
| Title | Jana Gītā / |
| Statement of responsibility, etc. | pratidhvanikāra, Baccana. |
| 246 1# - VARYING FORM OF TITLE | |
| Display text | Title on t.p. verso: |
| Title proper/short title | Jan Geeta |
| 250 ## - EDITION STATEMENT | |
| Edition statement | 3. saṃskaraṇa. |
| 260 ## - PUBLICATION, DISTRIBUTION, ETC. | |
| Place of publication, distribution, etc. | Dillī : |
| Name of publisher, distributor, etc. | Rājapāla eṇḍa Sanza, |
| Date of publication, distribution, etc. | 1966. |
| 300 ## - PHYSICAL DESCRIPTION | |
| Extent | 108 p. ; |
| Dimensions | 25 cm. |
| 546 ## - LANGUAGE NOTE | |
| Language note | In Awadhi. |
| 500 ## - GENERAL NOTE | |
| General note | Previously published: 2. saṃskaraṇa. 1960. |
| 700 1# - ADDED ENTRY--PERSONAL NAME | |
| Personal name | Baccana, |
| Dates associated with a name | 1907-2003. |
No items available.